[Event "SVK-ch U08 Girls"]
[Site "Tatralandia"]
[Date "2024.04.12"]
[Round "10"]
[White "Bartosova, Emma"]
[Black "Kluskova, Lenka"]
[Result "1-0"]
[WhiteElo "1000"]
[BlackElo "1000"]
[PlyCount "39"]
[EventDate "2024.04.05"]
[EventType "swiss"]
[EventRounds "10"]
[EventCountry "SVK"]
[SourceTitle "CB16_2024"]
[SourceDate "2024.04.17"]
[SourceVersion "1"]
[SourceVersionDate "2024.04.17"]
[SourceQuality "1"]

1. e4 e5 2. Nf3 Bc5 3. Bc4 Nf6 4. 0-0 0-0 5. d3 Nc6 6. Bg5 h6 7. Bh4 Qe8 8. Bxf6 Qe7 9. Bxe7 Bxe7 10. Nbd2 Bc5 11. Nh4 Be7 12. Nf5 Bc5 13. Nxg7 Kh7 14. Qf3 Kxg7 15. Qg4+ Kh7 16. Nf3 Rg8 17. Bxf7 Rg7 18. Qf5+ Kh8 19. Qf6 d5 20. Qxh6+ 1-0